000 00860nam a2200277 c 4500
003 BLK
005 20180422115400.0
008 180411b bul|||||r ||||||| ||bul||
010 _aKNG00193906000
040 _aBLK
041 _aBUL
_cBUL
080 _aБългарска литература
_b821.163.2
_x-32
_z821.163.2-32
100 1 _aЖелев, Живко
_eпърви автор
_9371943
139 _aЖелев, Живко
_bЖ 34
245 1 0 _aКатапулт
_bРазкази и новели
_cЖивко Желев.
257 _aBGR
260 Пловдив
_bХристо Г. Данов
_c1984
300 _a135 с.
_c19 см
380 _aX
500 _a4 105 тир.
852 _aЦб 126391
856 4 _qpdf
_u
856 4 _qpdf
_u
942 _cKNG
_n0
944 _aCR
_c19.10.2016
_kКети_Илиева
944 _aED
_c19.10.2016
_kКети_Илиева
999 _c184929
_d184929